Geometry Dash - Top 50 Demons - Statistics

General Stats
  • This quiz has been taken 143 times
  • The average score is 24 of 50
Answer Stats
Verifier Answer % Correct
Zoink Acheron
93%
Spaceuk Slaughterhouse
93%
Luqualizer Silent Club
86%
Diamond Sakupen Circles
85%
Paqoe(Zoe) Silent Clubstep
85%
Trick Firework
83%
Cursed Abyss of Darkness
76%
knobbelboy Bloodlust
76%
Dolphy Tartarus
74%
nSwish The Golden
74%
- Zodiac
74%
npesta kenos
72%
Xanii Sonic Wave Infinity
67%
Komp Hard Machine
58%
ultracauaHD Arcturus
57%
Atomic Thinking Space
57%
LordVadercraft Mayhem
54%
dice88 Oblivion
53%
rWooshi Crimson Planet
51%
SyQual Trueffet
51%
Nisha Verdant Landscape
51%
Crisis Keres
43%
Technical Ragnarok
43%
rori Renevant
43%
Doggie Aerial Gleam
42%
nSwish Cognition
42%
VoTcHi The Hallucination
40%
- Calculator Core
38%
Kapinapi Cold Sweat
38%
Spamdrew128 SARY NEVER CLEAR
38%
Platnuu Omega Interface
36%
Cursed SUPERHATEMEWORLD
33%
VoTcHi Akashic Records
32%
BrianTheBurger Lotus Flower
32%
RicoLP Promethean
32%
Floofle Congregation
31%
Keir RUST
31%
Baeru Esfera
29%
Franzy qoUEO
29%
kiseta Shardscapes
29%
DoSh7t Cosmic Cyclone
28%
Dolphy The Rupture
28%
iliLaSerili Walter White
28%
BGram Descent Into Exile
26%
Baeru Shukketsu
25%
vaen Fragile
24%
nSwish Kappa
24%
rWooshi Lucid Nightmares
22%
LordVadercraft RUTHLESS
22%
Poocubed Kyasshukodo
15%
No matching quizzes found
Score Distribution
Percent of People with Each Score
Percentile by Number Answered
Your Score History
You have not taken this quiz